[Event "10th LCC FIDE Open 2018"]
[Site "London"]
[Date "2018.12.15"]
[Round "8"]
[White "Wilks, Simon"]
[Black "Gilevych, Artem"]
[Result "0-1"]
[WhiteElo "2019"]
[BlackElo "2409"]
[Annotator "NA"]
[PlyCount "80"]
[EventDate "2018.12.09"]
[EventType "swiss"]
[EventCountry "ENG"]
[SourceTitle "playchess.com"]
[Source "ChessBase"]
[SourceQuality "1"]
[TimeControl "40/5400+30:1800+30"]

1. e4 {[%emt 0:03:54]} e6 {[%emt 0:02:14]} 2. d4 {[%emt 0:00:00]} d5 {[%emt 0:00:06]} 3. Nc3 {[%emt 0:00:00]} Bb4 {[%emt 0:00:06]} 4. e5 {[%emt 0:00:33]} c5 {[%emt 0:00:06]} 5. Bd2 {[%emt 0:06:04]} Nh6 {[%emt 0:09:42]} 6. Nb5 {[%emt 0:03:21]} Bxd2+ {[%emt 0:00:00]} 7. Qxd2 {[%emt 0:00:04]} O-O {[%emt 0:03:06]} 8. Nf3 {[%emt 0:06:10]} Nc6 {[%emt 0:00:00]} 9. dxc5 {[%emt 0:00:30]} b6 {[%emt 0:00:00]} 10. Nbd4 {[%emt 0:09:17]} Nxd4 {[%emt 0:00:00]} 11. Qxd4 {[%emt 0:04:16]} Nf5 {[%emt 0:00:00]} 12. Qc3 {[%emt 0:09:30]} d4 {[%emt 0:00:25]} 13. Qc4 {[%emt 0:01:56]} Bb7 {[%emt 0:06:07]} 14. Bd3 {[%emt 0:04:25]} bxc5 {[%emt 0:00:00]} 15. Qxc5 {[%emt 0:06:33]} Rc8 {[%emt 0:06:23]} 16. Qxa7 {[%emt 0:04:14]} Bxf3 {[%emt 0:00:33]} 17. gxf3 {[%emt 0:00:13]} Qd5 {[%emt 0:00:04]} 18. Be4 {[%emt 0:00:51]} Qxe5 {[%emt 0:00:28]} 19. O-O-O {[%emt 0:00:42]} Rc5 {[%emt 0:01:15]} 20. Kb1 {[%emt 0:08:00]} Rfc8 {[%emt 0:09:58]} 21. Rhe1 {[%emt 0:04:40]} g6 {[%emt 0:05:44]} 22. Qd7 {[%emt 0:04:34]} Qf6 {[%emt 0:06:12]} 23. Re2 {[%emt 0:06:29]} R5c7 {[%emt 0:00:00]} 24. Qa4 {[%emt 0:00:00]} Rc4 {[%emt 0:00:00]} 25. Qd7 {[%emt 0:00:24]} R8c7 {[%emt 0:07:11]} 26. Qe8+ {[%emt 0:03:24]} Kg7 {[%emt 0:00:02]} 27. Qb5 {[%emt 0:00:23]} Nd6 {[%emt 0:00:43]} 28. Qb3 {[%emt 0:02:55]} e5 {[%emt 0:01:17]} 29. Bd3 {[%emt 0:03:29]} R4c5 {[%emt 0:01:37]} 30. Qb6 {[%emt 0:01:43]} R7c6 {[%emt 0:02:13]} 31. Qb4 {[%emt 0:01:53]} Qxf3 {[%emt 0:01:12]} 32. Rde1 {[%emt 0:00:39]} f6 {[%emt 0:02:45]} 33. a4 {[%emt 0:17:04]} Rc7 {[%emt 0:03:03]} 34. a5 {[%emt 0:08:12]} g5 {[%emt 0:21:26]} 35. a6 {[%emt 0:02:12]} g4 {[%emt 0:00:42]} 36. Qb8 {[%emt 0:00:55]} Qc6 {[%emt 0:00:46]} 37. Rg1 {[%emt 0:01:00]} h5 {[%emt 0:00:15]} 38. a7 {[%emt 0:00:00]} Ra5 {[%emt 0:00:40]} 39. b3 {[%emt 0:01:10]} Qc3 {[%emt 0:00:34]} 40. a8=Q {[%emt 0:00:00]} Qa1# {[%emt 0:01:52]} 0-1

[Event "10th LCC FIDE Open 2018"]
[Site "London"]
[Date "2018.12.15"]
[Round "8"]
[White "Mueller, Jens"]
[Black "Bates, Caspar J"]
[Result "0-1"]
[WhiteElo "1981"]
[BlackElo "2113"]
[Annotator "NA"]
[PlyCount "58"]
[EventDate "2018.12.09"]
[EventType "swiss"]
[EventCountry "ENG"]
[SourceTitle "playchess.com"]
[Source "ChessBase"]
[SourceQuality "1"]
[TimeControl "40/5400+30:1800+30"]

1. d4 {[%emt 0:00:00]} Nf6 {[%emt 0:00:00]} 2. Bf4 {[%emt 0:00:00]} b6 {[%emt 0:00:00]} 3. e3 {[%emt 0:00:14]} Bb7 {[%emt 0:00:18]} 4. Nd2 {[%emt 0:00:35]} d6 {[%emt 0:02:19]} 5. h3 {[%emt 0:00:37]} g6 {[%emt 0:02:08]} 6. Ngf3 {[%emt 0:01:13]} Bg7 {[%emt 0:00:29]} 7. c3 {[%emt 0:02:16]} O-O {[%emt 0:00:58]} 8. Qc2 {[%emt 0:10:13]} Nbd7 {[%emt 0:10:27]} 9. O-O-O {[%emt 0:15:14]} c5 {[%emt 0:00:51]} 10. Bg5 {[%emt 0:05:32]} Rc8 {[%emt 0:01:09]} 11. Kb1 {[%emt 0:04:49]} a6 {[%emt 0:02:09]} 12. Nh2 {[%emt 0:05:55]} b5 {[%emt 0:05:20]} 13. Ka1 {[%emt 0:19:24]} Nd5 {[%emt 0:13:37]} 14. Ne4 {[%emt 0:04:55]} cxd4 {[%emt 0:08:21]} 15. exd4 {[%emt 0:00:14]} Qb6 {[%emt 0:02:13]} 16. Be3 {[%emt 0:01:52]} b4 {[%emt 0:02:45]} 17. c4 {[%emt 0:01:18]} b3 {[%emt 0:00:33]} 18. Qd2 {[%emt 0:01:47]} Nb4 {[%emt 0:00:43]} 19. Nc3 {[%emt 0:00:54]} Nc2+ {[%emt 0:11:31]} 20. Kb1 {[%emt 0:00:15]} Nxe3 {[%emt 0:00:03]} 21. fxe3 {[%emt 0:00:28]} bxa2+ {[%emt 0:00:33]} 22. Kxa2 {[%emt 0:03:38]} e5 {[%emt 0:02:40]} 23. Nf3 {[%emt 0:00:00]} Bxf3 {[%emt 0:00:36]} 24. gxf3 {[%emt 0:00:00]} Rb8 {[%emt 0:00:18]} 25. Kb1 {[%emt 0:00:14]} exd4 {[%emt 0:00:39]} 26. Nd5 {[%emt 0:02:38]} dxe3 {[%emt 0:03:23]} 27. Nxb6 {[%emt 0:00:13]} exd2 {[%emt 0:00:11]} 28. Nxd7 {[%emt 0:03:06]} Rxb2+ {[%emt 0:00:10]} 29. Ka1 {[%emt 0:00:06]} Rd8 {[%emt 0:01:19]} 0-1

[Event "10th LCC FIDE Open 2018"]
[Site "London"]
[Date "2018.12.15"]
[Round "8"]
[White "Keely, Leo A"]
[Black "Martinez, Ayelen"]
[Result "1-0"]
[WhiteElo "1964"]
[BlackElo "2185"]
[Annotator "NA"]
[PlyCount "86"]
[EventDate "2018.12.09"]
[EventType "swiss"]
[EventCountry "ENG"]
[SourceTitle "playchess.com"]
[Source "ChessBase"]
[SourceQuality "1"]
[TimeControl "40/5400+30:1800+30"]

1. e4 {[%emt 0:00:00]} c5 {[%emt 0:14:03]} 2. Nc3 {[%emt 0:00:15]} a6 {[%emt 0:00:07]} 3. f4 {[%emt 0:00:21]} b5 {[%emt 0:00:17]} 4. g3 {[%emt 0:00:17]} Bb7 {[%emt 0:00:06]} 5. Bg2 {[%emt 0:00:07]} e6 {[%emt 0:00:22]} 6. d3 {[%emt 0:01:17]} b4 {[%emt 0:00:09]} 7. Nce2 {[%emt 0:01:10]} d5 {[%emt 0:00:07]} 8. exd5 {[%emt 0:01:42]} Bxd5 {[%emt 0:00:12]} 9. Nf3 {[%emt 0:00:07]} Nf6 {[%emt 0:01:12]} 10. O-O {[%emt 0:00:08]} Ra7 {[%emt 0:03:54]} 11. f5 {[%emt 0:00:59]} exf5 {[%emt 0:00:59]} 12. Nf4 {[%emt 0:01:00]} Ba8 {[%emt 0:00:32]} 13. Re1+ {[%emt 0:02:12]} Be7 {[%emt 0:00:34]} 14. a3 {[%emt 0:03:20]} O-O {[%emt 0:06:02]} 15. axb4 {[%emt 0:01:56]} cxb4 {[%emt 0:00:33]} 16. Be3 {[%emt 0:00:47]} Rc7 {[%emt 0:00:05]} 17. Qd2 {[%emt 0:05:39]} Ng4 {[%emt 0:06:00]} 18. d4 {[%emt 0:04:03]} Be4 {[%emt 0:04:30]} 19. c3 {[%emt 0:01:44]} Nd7 {[%emt 0:07:19]} 20. h3 {[%emt 0:03:10]} Ngf6 {[%emt 0:02:19]} 21. Rec1 {[%emt 0:06:26]} Nb6 {[%emt 0:27:43]} 22. Qe2 {[%emt 0:02:58]} Nc4 {[%emt 0:02:43]} 23. Rxa6 {[%emt 0:02:18]} Qc8 {[%emt 0:00:58]} 24. Raa1 {[%emt 0:00:44]} bxc3 {[%emt 0:00:56]} 25. Rxc3 {[%emt 0:01:45]} Bb4 {[%emt 0:01:27]} 26. Rcc1 {[%emt 0:00:37]} Re8 {[%emt 0:00:58]} 27. Ne5 {[%emt 0:02:02]} Nxe5 {[%emt 0:05:18]} 28. dxe5 {[%emt 0:01:48]} Rxe5 {[%emt 0:00:58]} 29. Bxe4 {[%emt 0:06:31]} Rxe4 {[%emt 0:02:00]} 30. Rxc7 {[%emt 0:01:51]} Qxc7 {[%emt 0:00:04]} 31. Kf2 {[%emt 0:08:03]} g5 {[%emt 0:01:21]} 32. Nh5 {[%emt 0:02:51]} Qc6 {[%emt 0:06:38]} 33. Ra6 {[%emt 0:06:12]} Rxe3 {[%emt 0:00:04]} 34. Nxf6+ {[%emt 0:00:47]} Qxf6 {[%emt 0:01:14]} 35. Rxf6 {[%emt 0:00:13]} Rxe2+ {[%emt 0:00:05]} 36. Kxe2 {[%emt 0:00:06]} g4 {[%emt 0:05:09]} 37. hxg4 {[%emt 0:00:45]} fxg4 {[%emt 0:00:05]} 38. Rf4 {[%emt 0:00:12]} Bd6 {[%emt 0:00:02]} 39. Rxg4+ {[%emt 0:00:09]} Kf8 {[%emt 0:00:03]} 40. Kf3 {[%emt 0:01:38]} Ke7 {[%emt 0:00:03]} 41. Rh4 {[%emt 0:31:35]} Ke6 {[%emt 0:31:09]} 42. Rxh7 {[%emt 0:00:15]} f6 {[%emt 0:00:02]} 43. g4 {[%emt 0:02:37]} Kd5 {[%emt 0:00:49] Ke4+} 1-0

[Event "10th LCC FIDE Open 2018"]
[Site "London"]
[Date "2018.12.15"]
[Round "8"]
[White "Rice, Chris B"]
[Black "Longson, Sarah N"]
[Result "1/2-1/2"]
[WhiteElo "1963"]
[BlackElo "2137"]
[Annotator "NA"]
[PlyCount "96"]
[EventDate "2018.12.09"]
[EventType "swiss"]
[EventCountry "ENG"]
[SourceTitle "playchess.com"]
[Source "ChessBase"]
[SourceQuality "1"]
[TimeControl "40/5400+30:1800+30"]

1. d4 {[%emt 0:01:22]} d5 {[%emt 0:00:00]} 2. e3 {[%emt 0:00:43]} Nf6 {[%emt 0:00:15]} 3. Bd3 {[%emt 0:02:24]} Nc6 {[%emt 0:02:43]} 4. f4 {[%emt 0:05:29]} Bg4 {[%emt 0:07:43]} 5. Nf3 {[%emt 0:03:31]} e6 {[%emt 0:08:29]} 6. c3 {[%emt 0:05:28]} Ne4 {[%emt 0:02:39]} 7. O-O {[%emt 0:01:47]} Be7 {[%emt 0:12:51]} 8. Qa4 {[%emt 0:04:59]} f6 {[%emt 0:06:40]} 9. Nbd2 {[%emt 0:04:33]} Bxf3 {[%emt 0:16:17]} 10. Nxf3 {[%emt 0:04:34]} O-O {[%emt 0:01:03]} 11. Qc2 {[%emt 0:02:36]} f5 {[%emt 0:01:06]} 12. b4 {[%emt 0:03:02]} Nb8 {[%emt 0:05:12]} 13. a3 {[%emt 0:10:07]} Nd7 {[%emt 0:02:45]} 14. Bb2 {[%emt 0:03:34]} Ndf6 {[%emt 0:04:18]} 15. c4 {[%emt 0:04:24]} dxc4 {[%emt 0:01:21]} 16. Bxc4 {[%emt 0:01:28]} Nd5 {[%emt 0:00:38]} 17. Qe2 {[%emt 0:05:59]} a5 {[%emt 0:03:20]} 18. b5 {[%emt 0:02:33]} a4 {[%emt 0:01:48]} 19. Rfc1 {[%emt 0:02:47]} Bf6 {[%emt 0:02:08]} 20. Rc2 {[%emt 0:01:42]} Nd6 {[%emt 0:03:31]} 21. Ba2 {[%emt 0:11:39]} Ra5 {[%emt 0:01:14]} 22. Rc5 {[%emt 0:05:12]} b6 {[%emt 0:01:59]} 23. Rc6 {[%emt 0:00:44]} Nxb5 {[%emt 0:01:52]} 24. Rac1 {[%emt 0:01:16]} Re8 {[%emt 0:05:52]} 25. Ne5 {[%emt 0:01:29]} Bxe5 {[%emt 0:00:34]} 26. fxe5 {[%emt 0:00:48]} Re7 {[%emt 0:01:36]} 27. Qf3 {[%emt 0:04:06]} Na7 {[%emt 0:00:52]} 28. R6c2 {[%emt 0:00:22]} Rf7 {[%emt 0:01:11]} 29. Bc3 {[%emt 0:01:27]} Ra6 {[%emt 0:02:56]} 30. Bc4 {[%emt 0:01:41]} b5 {[%emt 0:00:08]} 31. Bxd5 {[%emt 0:00:24]} Qxd5 {[%emt 0:00:06]} 32. Qxd5 {[%emt 0:00:16]} exd5 {[%emt 0:00:03]} 33. Bd2 {[%emt 0:00:59]} c6 {[%emt 0:00:43]} 34. Kf2 {[%emt 0:00:55]} Re7 {[%emt 0:01:08]} 35. Bb4 {[%emt 0:01:10]} Re6 {[%emt 0:00:37]} 36. Kf3 {[%emt 0:00:35]} Kf7 {[%emt 0:00:29]} 37. Kf4 {[%emt 0:00:11]} g6 {[%emt 0:00:30]} 38. Kg5 {[%emt 0:00:19]} Nc8 {[%emt 0:00:48]} 39. Bc5 {[%emt 0:00:28]} h5 {[%emt 0:00:50]} 40. h3 {[%emt 0:00:27]} Nb6 {[%emt 0:00:22]} 41. Bxb6 {[%emt 0:31:39]} Rxb6 {[%emt 0:30:29]} 42. g4 {[%emt 0:00:00]} hxg4 {[%emt 0:00:00]} 43. hxg4 {[%emt 0:00:00]} fxg4 {[%emt 0:00:00]} 44. Kxg4 {[%emt 0:00:00]} b4 {[%emt 0:00:00]} 45. axb4 {[%emt 0:00:00]} Rxb4 {[%emt 0:00:00]} 46. Rf1+ {[%emt 0:00:00]} Kg7 {[%emt 0:00:00]} 47. Kg5 {[%emt 0:00:00]} a3 {[%emt 0:00:00]} 48. Rcf2 {[%emt 0:00:00]} Rb7 {[%emt 0:00:00]} 1/2-1/2

[Event "10th LCC FIDE Open 2018"]
[Site "London"]
[Date "2018.12.15"]
[Round "8"]
[White "Edwards, Simon R"]
[Black "Englisch, Colya"]
[Result "0-1"]
[WhiteElo "1931"]
[BlackElo "2105"]
[Annotator "NA"]
[PlyCount "64"]
[EventDate "2018.12.09"]
[EventType "swiss"]
[EventCountry "ENG"]
[SourceTitle "playchess.com"]
[Source "ChessBase"]
[SourceQuality "1"]
[TimeControl "40/5400+30:1800+30"]

1. e4 {[%emt 0:10:22]} d6 {[%emt 0:00:00]} 2. d4 {[%emt 0:00:17]} Nf6 {[%emt 0:00:00]} 3. Nc3 {[%emt 0:00:05]} g6 {[%emt 0:00:00]} 4. Bg5 {[%emt 0:01:09]} Bg7 {[%emt 0:00:00]} 5. e5 {[%emt 0:00:23]} Nfd7 {[%emt 0:00:32]} 6. f4 {[%emt 0:00:36]} Nc6 {[%emt 0:24:03]} 7. Qd2 {[%emt 0:10:51]} O-O {[%emt 0:02:51]} 8. O-O-O {[%emt 0:02:21]} f6 {[%emt 0:05:34]} 9. exf6 {[%emt 0:00:11]} exf6 {[%emt 0:00:13]} 10. Bh4 {[%emt 0:00:04]} Nb6 {[%emt 0:03:17]} 11. h3 {[%emt 0:02:36]} Qe8 {[%emt 0:03:51]} 12. g4 {[%emt 0:05:38]} Qf7 {[%emt 0:06:10]} 13. Bg2 {[%emt 0:06:45]} f5 {[%emt 0:06:05]} 14. gxf5 {[%emt 0:06:20]} Bxf5 {[%emt 0:01:30]} 15. Nge2 {[%emt 0:01:03]} Nb4 {[%emt 0:10:32]} 16. Ne4 {[%emt 0:04:07]} a5 {[%emt 0:06:17]} 17. b3 {[%emt 0:02:13]} Nxa2+ {[%emt 0:02:20]} 18. Kb2 {[%emt 0:00:31]} Nb4 {[%emt 0:03:11]} 19. Ng5 {[%emt 0:01:27]} Qd7 {[%emt 0:00:51]} 20. Be4 {[%emt 0:01:01]} Bxe4 {[%emt 0:07:20]} 21. Nxe4 {[%emt 0:00:06]} Qb5 {[%emt 0:05:27]} 22. Rb1 {[%emt 0:03:53]} a4 {[%emt 0:03:34]} 23. c4 {[%emt 0:05:34]} Qa5 {[%emt 0:01:07]} 24. Ra1 {[%emt 0:00:57]} a3+ {[%emt 0:03:01]} 25. Kc1 {[%emt 0:00:48]} a2 {[%emt 0:01:57]} 26. Kd1 {[%emt 0:00:17]} Qf5 {[%emt 0:02:10]} 27. N4c3 {[%emt 0:03:08]} Bh6 {[%emt 0:00:32]} 28. Bg3 {[%emt 0:01:43]} Rfe8 {[%emt 0:00:23]} 29. Nc1 {[%emt 0:00:59]} Qh5+ {[%emt 0:00:28]} 30. N3e2 {[%emt 0:00:24]} Qf3 {[%emt 0:00:35]} 31. Re1 {[%emt 0:01:21]} c5 {[%emt 0:00:16]} 32. h4 {[%emt 0:01:35]} Bg7 {[%emt 0:00:17]} 0-1

[Event "10th LCC FIDE Open 2018"]
[Site "London"]
[Date "2018.12.16"]
[Round "9"]
[White "Moussard, Jules"]
[Black "Gumularz, Szymon"]
[Result "1-0"]
[WhiteElo "2591"]
[BlackElo "2462"]
[Annotator "TA"]
[PlyCount "119"]
[EventDate "2018.12.09"]
[EventType "swiss"]
[EventCountry "ENG"]
[SourceTitle "playchess.com"]
[Source "ChessBase"]
[SourceQuality "1"]

{[%evp 23,119,29,18,18,27,25,55,54,39,39,59,47,44,40,45,35,47,43,53,56,57,51,55,49,55,58,65,54,73,42,69,54,71,55,93,93,100,87,104,105,125,78,83,64,116,39,39,37,44,47,49,50,34,45,48,60,104,106,122,45,125,116,284,279,322,303,336,336,357,344,340,348,593,159,133,129,155,13,50,53,214,113,132,193,29980,29981,29981,29982,29982,29983,29983,29984,29984,29985,29985,29986,29986,29987]} 1. e4 c6 {[%cal Bc7c6,Bc6c5][%mdl 32]} 2. d4 d5 3. e5 Bf5 4. Nf3 e6 5. Be2 c5 6. Be3 Qb6 7. Nc3 Nc6 8. Na4 {B12: Caro-Kann: Advance Variation} Qa5+ 9. c3 cxd4 10. Nxd4 Nxd4 11. Bxd4 Ne7 12. b4 Qc7 {LiveBook: 4 Games} 13. O-O Nc6 14. Rc1 Be7 15. g4 $1 {[%cal Rg4f5] [#]} Bg6 $146 ({Predecessor:} 15... Be4) 16. f4 {Black must now prevent f5.} Be4 17. Nc5 Rd8 18. Qa4 O-O 19. Nxe4 dxe4 20. Be3 {And now Qc2 would win.} g5 21. Qc2 gxf4 22. Bxf4 Nxe5 23. Qxe4 f6 24. a3 Bd6 25. Kh1 Rf7 26. c4 {[%cal Bc3c4,Bc4c5][%mdl 32] c5 is the strong threat.} Ng6 {[%cal Rd6f4]} 27. Bxd6 $1 Rxd6 28. c5 $1 {[%cal Rc5d6]} Rd2 29. Rcd1 $1 {[%cal Rd1d2]} Rxd1 30. Bxd1 Nf8 31. Ba4 a5 32. Rd1 axb4 33. axb4 Qe7 (33... Qe5 $14 34. Qxe5 fxe5) 34. Rd6 (34. Bb3 $16) 34... f5 $14 35. gxf5 Rxf5 36. Rd1 Qf7 37. Rg1+ Ng6 38. Bb3 $36 {[%mdl 2048] Black is under pressure.} Re5 39. Qg4 Qf2 40. Bxe6+ Kg7 {[#] aiming for ...Rxe6!} 41. Bc4 (41. Bc8 $1 $16 {[%cal Rc8b7]} b6 42. c6) 41... Re1 (41... Qe3 $14) 42. Bd5 Re2 $2 {[#]} (42... Rxg1+ $16 {was worth a try.} 43. Qxg1 Qd2 44. Qa1+ (44. Bxb7 Qxb4 45. Bg2 Qc3 $16) 44... Kh6 45. Bxb7 Qxb4) 43. Qd7+ $1 $18 Kh8 {[%csl Ge2][%cal Rf2h2]} 44. Qd6 Re1 {[%csl Gf2][%cal Re1g1]} 45. Qg3 Rxg1+ 46. Qxg1 {Threatening mate with Qa1+.} Qb2 47. b5 Ne7 $2 (47... Qe5 {is a better defense.}) 48. Bxb7 $2 (48. Qf1 $18 {is the precise move to win. White wants to mate with Qf8+.} Ng6 49. Bxb7) 48... Qxb5 $16 49. Qd4+ Kg8 50. Bd5+ (50. Be4 $16) 50... Nxd5 $11 51. Qxd5+ {[%mdl 4096] Endgame KQ-KQ} Kh8 $2 (51... Kf8 $14 52. Kg1 Qb4 53. Qd6+ Kf7) 52. Qe5+ Kg8 {[%cal Rb5f1]} 53. Kg2 Qd3 $2 (53... Qa6 $18 54. Kg3 Qc6) 54. Qg3+ {White mates.} Qxg3+ 55. Kxg3 {KPP-KP} Kf7 56. Kf4 Ke6 57. Kg5 Kd5 58. Kh6 Kxc5 59. Kxh7 Kd6 60. h4 {Accuracy: White = 61%, Black = 36%.} 1-0

[Event "10th LCC FIDE Open 2018"]
[Site "London"]
[Date "2018.12.16"]
[Round "9"]
[White "Yuffa, Daniil"]
[Black "Pert, Nicholas"]
[Result "1/2-1/2"]
[WhiteElo "2572"]
[BlackElo "2546"]
[Annotator "TA"]
[PlyCount "88"]
[EventDate "2018.12.09"]
[EventType "swiss"]
[EventCountry "ENG"]
[SourceTitle "playchess.com"]
[Source "ChessBase"]
[SourceQuality "1"]

{[%evp 29,88,0,-9,-39,-35,-61,92,93,104,87,112,99,108,110,103,77,97,98,97,93,80,69,68,53,61,18,31,18,26,-62,-62,-52,18,0,0,0,95,93,67,0,65,73,102,19,19,20,15,0,12,0,20,0,0,0,0,0,0,0,0,0,0]} 1. d4 d5 2. c4 c6 3. Nf3 Nf6 4. Nc3 dxc4 5. a4 Bf5 6. Ne5 e6 7. f3 Bb4 8. e4 Bxe4 9. fxe4 Nxe4 10. Bd2 Qxd4 11. Nxe4 Qxe4+ 12. Qe2 Bxd2+ 13. Kxd2 Qd5+ 14. Kc2 {[%cal Bd2c2,Bc2c3,Bc3b2][%mdl 32]} Na6 {D17: Slav Defence: 5 a4 Bf5: Lines with 6 Nh4 and 6 Ne5} 15. Rd1 (15. Nxc4 O-O 16. Qe5 f6 17. Qxd5 cxd5 18. Nd2 Rac8+ 19. Kb3 Nc5+ 20. Ka3 f5 21. Bb5 Kf7 22. Rac1 Ke7 23. Kb4 Ne4 {½-½ (39) Miton,K (2604)-Bobras,P (2499) Poland 2018}) 15... Qa5 {LiveBook: 3 Games} 16. Nxc4 Qxa4+ {Black is slightly better.} 17. b3 Qa2+ $2 (17... Nb4+ $15 {stays ahead.} 18. Kc3 Nd5+ 19. Kb2 Qb4) 18. Kc3 $16 Qxe2 19. Bxe2 Nc7 $146 ({Predecessor:} 19... O-O 20. Nd6 Nc7 21. Nxb7 Nd5+ 22. Kb2 {1-0 (35) Rudd,J (2326)-Eden,T (2157) Torquay 2009}) 20. Nd6+ Ke7 {[#] Strongly threatening ...Nd5+.} 21. Nxb7 Nd5+ 22. Kb2 a5 23. Nc5 Rhb8 24. Ra1 Rb4 25. Rhd1 Kd6 26. Rdc1 f5 27. Nd3 Rh4 28. h3 e5 29. Rc4 (29. Nc5 $11) 29... Rxc4 $1 $15 30. bxc4 Rb8+ (30... Ne3 $15) 31. Kc2 Ne3+ 32. Kc3 Nxg2 (32... e4 $11) 33. c5+ Ke6 34. Bf3 ({White should try} 34. Rxa5 $14 Rc8 35. Nb4) 34... e4 (34... Nh4 $11 35. Bxc6 e4) 35. Bxg2 $14 {[#] And now Nc1 would win.} exd3 36. Kxd3 {[%mdl 4096] Endgame KRB-KR} ({Don't play} 36. Bxc6 Rc8 $14) (36. Rxa5 $16 d2 37. Bf3) 36... Rb3+ $11 {The position is equal.} 37. Kd4 Rb4+ 38. Kd3 Rb3+ 39. Kd4 Rb4+ 40. Kc3 Rb5 41. Re1+ Kf6 42. Kd4 Rb4+ 43. Kd3 Rb3+ 44. Kc4 Rb4+ {Precision: White = 32%, Black = 64%.} 1/2-1/2

[Event "10th LCC FIDE Open 2018"]
[Site "London"]
[Date "2018.12.16"]
[Round "9"]
[White "Hillarp Persson, Tiger"]
[Black "Akash Pc, Iyer"]
[Result "1-0"]
[WhiteElo "2546"]
[BlackElo "2441"]
[Annotator "TA"]
[PlyCount "61"]
[EventDate "2018.12.09"]
[EventType "swiss"]
[EventCountry "ENG"]
[SourceTitle "playchess.com"]
[Source "ChessBase"]
[SourceQuality "1"]

{[%evp 19,61,35,50,4,0,-37,-7,-3,30,0,29,26,18,0,0,0,0,7,133,133,106,131,123,115,135,134,165,164,385,379,353,349,251,261,690,666,1089,979,2547,1836,1629,845,2654,2266]} 1. Nf3 Nf6 2. c4 g6 3. Nc3 Bg7 4. d4 d6 5. e4 O-O 6. Be2 e5 7. d5 a5 8. Be3 Na6 9. Nd2 Nd7 {E92: King's Indian: Classical: 6 Be2 e5: 7 dxe5, 7 Be3 and Petrosian System without 7...Nbd7} 10. g4 Ndc5 {LiveBook: 3 Games} 11. Rg1 (11. h4 Bd7 12. Nf1 c6 13. Ng3 a4 14. h5 Qa5 15. Qd2 a3 16. hxg6 fxg6 17. b3 {0-1 (55) Saric,S (2448)-Kozul,Z (2591) Mali Losinj 2016}) 11... Kh8 $146 {The position is equal.} ({Predecessor:} 11... Bd7 12. Nf1 a4 13. Ng3 c6 14. Qd2 Nb4 15. Kf1 cxd5 16. Nxd5 Nxd5 17. cxd5 {0-1 (65) Kljucharev,S (2349)-Pokazanjev,N (2425) Kemerovo 2007}) 12. h4 f5 {Hoping for ...fxg4.} 13. g5 Kg8 14. a3 f4 (14... fxe4 {seems wilder.} 15. Ndxe4 Bf5 16. Bd3 Nxd3+ 17. Qxd3 b6) 15. Bxc5 $1 Nxc5 16. b4 axb4 17. axb4 Rxa1 18. Qxa1 f3 (18... Na6 $1 $11 {remains equal.}) 19. bxc5 $16 fxe2 20. c6 bxc6 21. dxc6 Qe8 {[#]} 22. Nd5 $1 Kh8 23. Qa8 Qf7 $2 (23... Bd7 24. Qxe8 Bxe8) 24. Qa7 $18 Be6 25. Kxe2 Bxd5 26. cxd5 Qf4 $2 (26... Rc8 27. Ra1 Qf4) 27. Rb1 {White is clearly winning.} Qg4+ 28. f3 Qxh4 29. Qxc7 Qxg5 30. Rb7 {[%csl Gb7][%cal Rc7g7] [#]} Qg2+ 31. Kd3 {Accuracy: White = 69%, Black = 19%.} 1-0

[Event "10th LCC FIDE Open 2018"]
[Site "London"]
[Date "2018.12.16"]
[Round "9"]
[White "Debashis, Das"]
[Black "Pert, Richard G"]
[Result "1/2-1/2"]
[WhiteElo "2544"]
[BlackElo "2416"]
[Annotator "TA"]
[PlyCount "60"]
[EventDate "2018.12.09"]
[EventType "swiss"]
[EventCountry "ENG"]
[SourceTitle "playchess.com"]
[Source "ChessBase"]
[SourceQuality "1"]

{[%evp 27,60,105,120,109,105,122,111,101,117,20,88,67,90,53,60,44,55,52,36,-30,-25,-25,-34,-74,-71,-68,-72,-72,-72,-64,-69,-76,-53,-56,-60]} 1. d4 d5 2. c4 e6 3. Nc3 c5 4. cxd5 cxd4 5. Qa4+ Bd7 6. Qxd4 exd5 7. Qxd5 Nc6 8. Nf3 Nf6 9. Qd1 Bc5 10. e3 Qe7 11. Be2 O-O-O 12. O-O {D32: Tarrasch Defence: Sidelines and lines without g3} Kb8 (12... g5 13. b4 Bxb4 14. Nb5 Ne4 15. Qc2 Kb8 16. Bb2 Rhe8 17. Ne5 Nxe5 18. Qxe4 Bc5 19. Rfd1 f6 20. Rac1 Bc6 21. Qf5 Rxd1+ 22. Rxd1 {1-0 (61) Ivanisevic,I (2636)-Sulskis,S (2577) Porto Carras 2011}) 13. a3 g5 14. b4 g4 {LiveBook: 6 Games} 15. Nh4 ({Stronger than} 15. bxc5 gxf3 16. Bxf3 Ne5 $11) 15... Bd6 16. Qc2 Qe6 $146 ({Predecessor:} 16... Nd5 17. Nxd5 Qxh4 18. g3 Qh3 19. Bb2 Ne5 {1-0 (48) Bekker Jensen,S (2418)-Bongartz,P (2143) Reykjavik 2014}) 17. Bb2 Ne5 {[#] next ...Ng6 is good for Black.} 18. e4 ({White should try} 18. Na4 $1 $16) 18... Rhg8 (18... Ng6 $11 {keeps the balance.} 19. Nf5 Be5) 19. g3 Rc8 20. Nf5 Nf3+ $1 21. Bxf3 $1 gxf3 22. Qd3 Be5 {[#] White must now prevent ...Bxc3.} 23. Rfd1 (23. Rac1 $14) 23... Bxc3 $11 24. Bxc3 Nxe4 25. Nd4 Rxc3 26. Nxe6 Rxd3 27. Rxd3 Bxe6 28. Rxf3 Rd8 29. Re3 Nd2 30. Rc1 Rd4 {Accuracy: White = 30%, Black = 70%.} 1/2-1/2